|
|
|
|
| LEADER |
00000nab a2200000uu 4500 |
| 001 |
vtls011538784 |
| 003 |
SK-MaSNL |
| 005 |
20260304013349.0 |
| 008 |
230218|2003 xo |||||||||||||||||slo| |
| 015 |
|
|
|a SNBRB
|
| 035 |
|
|
|a (urnnbn)urn:nbn:sk:snk:ar-a09ozj
|
| 035 |
|
|
|a (uuid)dd05d8f4-f2eb-4bcf-8f31-7a3ad6014f92
|
| 035 |
|
|
|a urn:nbn:sk:snk-abexer
|
| 040 |
|
|
|a SNKBUCL
|b slo
|c SNKBUCL
|e AACR2
|
| 041 |
0 |
|
|a slo
|
| 044 |
|
|
|a xo
|c SK
|
| 100 |
1 |
|
|a Halaj, Martin,
|d 1933-
|4 aut
|9 210166
|
| 245 |
1 |
0 |
|a VPLYV RÔZNEJ FORMY SKRMOVANÉHO VÁPNIKA NA KVALITU A PÓROVITOSŤ ŠKRUPINY SLEPAČÍCH VAJEC
|c M. Halaj, P. Fľak, P. Halaj
|
| 246 |
3 |
|
|a INFLUENCE OF VARIOUS FORMS OF FED CALCITE ON HEN'S EGG SHELL AND POROUSNESS QUALITY
|
| 700 |
1 |
|
|a Fľak, Pavel
|4 aut
|9 5306
|
| 700 |
1 |
|
|a Halaj, P.
|4 aut
|9 807770
|
| 773 |
0 |
|
|t Journal of farm animal science : vedecké práce Výskumného ústavu živočíšnej výroby v Nitre
|g Roč. 36, č. 36 (2003), s. 193-200
|
| 954 |
|
|
|a odborná, vedecká literatúra pôvodná (slovenská)
|2 lita
|
| 958 |
|
|
|a OND
|
| 958 |
|
|
|a EUIPO
|
| 958 |
|
|
|a article22
|
| 999 |
|
|
|c 2575499
|d 2577429
|